| 000 | 00465nam a2200181Ia 4500 | ||
|---|---|---|---|
| 001 | 45539 | ||
| 008 | 140428s9999 xx 000 0 und d | ||
| 020 | _aNA | ||
| 040 | _cPK-LaUMT | ||
| 082 |
_aRHC 891.4393 _bQUR-C |
||
| 100 | _aQurat ul Ain Haider | ||
| 245 |
_aChaar novelet (Urdu) _cQurat ul Ain Haider |
||
| 260 |
_aAligarh,India: _bEducational Book House, _c1981 |
||
| 300 | _a400 p. | ||
| 546 | _aUR | ||
| 650 | _aPakistani literature-Urdu | ||
| 942 | _cBK | ||
| 999 |
_c43507 _d43507 |
||